| 000 | 01250cam a2200349 a 4500 | ||
|---|---|---|---|
| 001 | 16997655 | ||
| 005 | 20140925133931.0 | ||
| 008 | 111012s2011 enka b 001 0 eng | ||
| 010 | _a 2011292667 | ||
| 020 | _a9780857254498 | ||
| 040 |
_aDLC _cDLC |
||
| 042 | _apcc | ||
| 050 | 0 | 0 |
_aRT 23 _b.B33 2011 |
| 100 | 1 | _aBach, Shirley. | |
| 245 | 1 | 0 |
_aCommunication & interpersonal skills for nursing / _cShirley Bach, Alec Grant. |
| 246 | 3 | 0 | _aCommunication and interpersonal skills for nursing |
| 250 | _a2nd ed. | ||
| 260 |
_aExeter [England] : _bLearning Matters, _c2011. |
||
| 300 |
_aviii, 160 pages : _billustration ; _c25 cm. |
||
| 490 | 0 | _aTransforming nursing practice | |
| 500 | _aRev. ed. of: Communication and interpersonal skills for nurses / Shirley Bach and Alec Grant. 2009. | ||
| 521 | _aNursing | ||
| 650 | 0 | _aCommunication in nursing. | |
| 650 | 0 | _aNurse and patient. | |
| 650 | 0 | _aInterpersonal relations. | |
| 700 | 1 | _aGrant, Alec. | |
| 700 | 1 |
_aBach, Shirley. _tCommunication and interpersonal skills for nurses. |
|
| 830 | 0 | _aTransforming nursing practice. | |
| 906 |
_a7 _bcbc _corigcop _d2 _eepcn _f20 _gy-gencatlg |
||
| 942 |
_2lcc _cBK _kFOR |
||
| 999 |
_c275873 _d275873 |
||